| 000 | 00547 a2200169 4500 | ||
|---|---|---|---|
| 020 | _a8177587498 | ||
| 040 |
_aDLC _bDLC |
||
| 082 | 0 | 0 | _a004.6 |
| 100 | 1 | _aComer, Douglas. | |
| 245 | 1 | 0 |
_aComputer networks and internets: with Internet applications _cDouglas E. Comer. |
| 250 | _a4th ed. | ||
| 260 |
_aUpper Saddle River, N.J. : _bPearson/Prentice Hall, _cc2004. |
||
| 300 |
_axxxi, 719 p. : _bill. ; _c25 cm. + _e1 CD-ROM (4 3/4 in.) |
||
| 650 | 0 | _aComputer networks. | |
| 650 | 0 | _aInternetworking (Telecommunication) | |
| 942 |
_cBK _k004.6 COM _2ddc |
||
| 999 |
_c5561 _d5561 |
||